| 000 | 00854nam a2200241 a 4500 | ||
|---|---|---|---|
| 005 | 2009090709589.0 | ||
| 008 | 060731s1999 nyua b 000 0 eng d | ||
| 010 | _aB-357084 | ||
| 020 |
_c60.00 _a9788126418848 |
||
| 035 | _aB-357084 | ||
| 037 | _bDBAD / PUB | ||
| 040 |
_adpl _bEnglish |
||
| 082 | _aS | ||
| 100 | _aTanya Munshi | ||
| 245 |
_aFolktales the story of a dam / _cretold by Tanya Munshi; illustrated by Sreelal A.G. |
||
| 260 |
_aKerala _bDC Books _c2008 |
||
| 270 |
_aDC Kizhakemuri Edam, Good Shepherd Street, Kottayam _bKerala _e686001 |
||
| 300 |
_a29p.: _c22cm(pbk) _bcol. ill |
||
| 650 | _2Folktales | ||
| 700 | _aSreelal A.G. | ||
| 942 |
_2ddc _cCH _mTAN _hS |
||
| 999 |
_c30125 _d30125 |
||